000 00459nam a2200169Ia 4500
005 20250508151156.0
008 008 250505s9999 xx 000 0 eng d
037 _aTextual
040 _aFEDL
_beng
_cFEDL
041 _aeng
_2eng
084 _a420.7, IND
_qFEDL
245 0 _aConference of professors of english
245 0 _cIndia,. Education (Ministry of...)
300 _a13p.
942 _cTEXL
_h420.7, IND
999 _c1328069
_d1328069